Statistiques concernant Acteurs français - photo quiz

Cliquez ici pour prendre le quiz!

Statistiques générales

  • Ce quiz a été pris 1 151 fois
  • Le résultat moyen est 9 sur 16

Statistiques - réponses

Réponse% Correct
Omar Sy
97%
Jean Dujardin
96%
Gérard Depardieu
89%
Marion Cotillard
88%
Catherine Deneuve
74%
Charlotte Gainsbourg
71%
Audrey Tautou
66%
Daniel Auteuil
66%
Alain Delon
54%
Eva Green
44%
Juliette Binoche
35%
Bérénice Bejo
34%
Yvan Attal
34%
Isabelle Huppert
20%
Isabelle Adjani
19%
Charles Boyer
2%

Distribution des résultats

Percentile par nombre de réponses

% des personnes avec chaque résultat

Votre développement - résultats

Vous n’avez pas pris ce quiz